000 00743nam a2200289Ia 4500
005 20260324130832.0
008 008 260324s9999 xx 000 0 eng d
020 _a9780203941836
037 _aEBOOK
040 _aCRL
040 _beng
040 _cCRL
041 _2eng
041 _aeng
084 _qCRL
100 _aJoanna Hart Lowenstein
_91183258
245 0 _aArtificial Hearing, Natural Speech
245 0 _bCochlear Implants, Speech Production, and the Expectations of a High-Tech Society
260 _bTaylor and Francis
260 _c2007
365 _a
365 _b300
856 _uhttp://www.taylorfrancis.com/books/9780203941836
942 _cEBOOK
999 _c1779817
_d1779817